'The Simpsons' Geography Quiz Stats

 Plays Quiz Updated Sep 3, 2014

Support Sporcle.
Go Orange.
Score 0/20 Timer 05:00
1 Play Today
Place % Correct
Krusty Burger
92.1%
Springfield Nuclear Power Plant
89.6%
Moe's Tavern
88.6%
Kwik-e-Mart
85.3%
Springfield Elementary
77.4%
Springfield General
69%
The Android's Dungeon
63.8%
The Leftorium
63.4%
Springfield Retirement Castle
61.5%
Kamp Krusty
58.8%
Place % Correct
Lard Lad Donuts
47.5%
Duff Brewery
41%
Five Corners
40.1%
First Church of Springfield
38%
King Toot's
36.2%
Barney's Bowlarama
35%
Krustylu Studios
30.9%
Try-n-Save
19.6%
Praiseland
17.7%
Sprawl Mart
17.4%

You're not logged in!

Compare scores with friends on all Sporcle quizzes.
OR
Log In

From the Vault

Follow That Line: Mitch Hedberg

by druhutch

"I haven't slept for ten days, because that would be too long."
Remove Ads.
Support Sporcle.
Get the best of Sporcle when you Go Orange. This ad-free experience offers more features, more stats, and more fun while also helping to support Sporcle. Thank you for becoming a member.

Show Comments

Extras

Top Quizzes Today


Score Distribution

Your Account Isn't Verified!

In order to create a playlist on Sporcle, you need to verify the email address you used during registration. Go to your Sporcle Settings to finish the process.

Report this User

Report this user for behavior that violates our Community Guidelines.

Details: